अवसर बीता जाये/ (Record no. 207085)

MARC details
000 -LEADER
fixed length control field 00694nam a22001937a 4500
005 - DATE AND TIME OF LATEST TRANSACTION
control field 20241129161238.0
010 ## - LCCN (DPL NO)
LC control number HIN-128831
020 ## - INTERNATIONAL STANDARD BOOK NUMBER
Terms of availability 195.00
International Standard Book Number 9788190317756
035 ## - SYSTEM CONTROL NUMBER
System control number HN-101177
037 ## - SOURCE OF ACQUISITION
Source of stock number/acquisition DBAD
082 ## - DEWEY DECIMAL CLASSIFICATION NUMBER
Classification number 158.1
100 ## - MAIN ENTRY--PERSONAL NAME
Personal name मार्डेन, स्वेट
245 ## - TITLE STATEMENT
Title अवसर बीता जाये/
Statement of responsibility, etc स्वेट मार्डेन
250 ## - EDITION STATEMENT
Edition statement प्रथम
260 ## - PUBLICATION, DISTRIBUTION, ETC. (IMPRINT)
Place of publication, distribution, etc हरियाणा
Name of publisher, distributor, etc बेटर बुक्स
Date of publication, distribution, etc 2021
270 ## - ADDRESS
Address # 1471 - सेक्टर 15
City हरियाणा
300 ## - PHYSICAL DESCRIPTION
Extent 92 पृ.
Dimensions 22 सेमी (सजिल्द)
942 ## - ADDED ENTRY ELEMENTS (KOHA)
Source of classification or shelving scheme Dewey Decimal Classification
Item type Hindi Books
Classification part 158.1
Call number suffix मार्डेन
Holdings
Withdrawn status Lost status Not for loan Collection code Home library Current library Date acquired Source of acquisition Cost, normal purchase price Full call number Barcode Copy number Cost, replacement price Koha item type
      Non-fiction Bawana Bawana 27/11/2024 DBAD 195.00 158.1 मार्डेन HN-101177 1 195.00 Hindi Books

© Delhi Public Library
Hit Counter
free hit counter